Сповідь перед собою (Запис № 351235)

МАРК-запис
000 -Лідер
fixed length control field 01435nam a22002657a 4500
003 - Ідентифікатор контрольного номера
control field UA-OsUOA
001 - Контрольний номер
control field 65120
007 - Фіксоване поле фізичного опису
fixed length control field ta
008 - Елементи даних фіксованої довжини – загальна інформація
fixed length control field 20091116b un ||||| |||| 00| 0 ukr d
090 ## - Локальний шифр розміщення
Класифікаційний індекс УДК 821.161.2
Авторський знак (НП) Н41
040 ## - Джерело каталогізації
Агенція оригінальної каталогізації UA-OsUOA
Мова каталогізації ukr
Агенція, яка здійснювала перезапис UA-OsUOA
Агенція, яка здійснювала модифікацію UA-OsUOA
041 ## - Код мови
Код мови тексту/ звукової доріжки чи окремого заголовка (П) ukr
080 ## - Індекс Універсальної десяткової класифікації
Індекс Універсальної десяткової класифікації (УДК) (НП) 821.161.2
020 ## - Міжнародний стандартний книжковий номер (ISBN)
Міжнародний стандартний книжковий номер (ISBN) (НП) 978-966-2980-23-3
100 ## - Основне введення – ім’я особи
Ім’я особи (НП) Негода М.
245 ## - Відомості про назву
Назва (НП) Сповідь перед собою
260 ## - Публікація, розповсюдження і т.п. (Вихідні дані)
Місце публікації, розповсюдження і т.п. (П) Черкаси
Ім’я/ наймення видавництва, розповсюджувача і т.п. (П) Чабаненко Ю.А.
Дата публікації, розповсюдження і т.п. (П) 2006
300 ## - Фізичний опис
Обсяг 302 с.
520 3# - Резюме і т.п.
Резюме, реферат, анотація, тощо (НП) У цій книжці поет, прозаїк, драматург, заслужений діяч мистецтв України Микола Негода сповідально оповідає про своє напівсирітське дитинство, голодомор 33-го участь у підпіллі й партизанському русі в роки Другої світової війни, важкий хліб газетяра в п
520 3# - Резюме і т.п.
Резюме, реферат, анотація, тощо (НП) овоєнний період, свої університети... Дивиться на себе тодішнього з погляду сьогоденного, не завжди схвалює власні вчинки, намагається осягнути час і себе в ньому.
650 #7 - Додаткове предметне введення – тематичний термін
Тематичний термін чи географічна назва, як елемент введення (НП) 82 Література. Літературознавство
Джерело заголовка чи терміна UDC
942 ## - Додаткові елементи входу (Коха)
Тип елемента Koha Книги
955 ## - Код типу видання за змістом
Код типу видання за змістом (НП) інше
Фонди
Стан вилучень Стан втрат Джерело класифікації або схеми стелажів Стан уражень Не для кредиту Код колекції Постійне місце розташування Поточне розміщення Дата придбання Джерело придбання Вартість, звичайна ціна покупки Інвентарний номер Повний номер виклику Штрих-код Дата останнього перегляду Ціна ефективна від Тип елемента Koha Примітка, призначена для загального доступу Усього замовленно
    Universal Decimal Classification     Колекція Жулинського М.Г. АБ - Абонемент НБ АБ - Абонемент НБ 24/10/2013 55/2013 20.00 143881 821.161.2 Н41 143881 06/02/2022 16/11/2009 Книги    
    Universal Decimal Classification     Колекція Жулинського М.Г. ЧЗ - Читальна зала ЧЗ - Читальна зала 16/11/2009 132/2009 20.00 124720 821.161.2 Н41 124720 06/02/2022 16/11/2009 Книги з автографом М. Негоди